| 000 | 00582nac a22001811u 4500 | ||
|---|---|---|---|
| 008 | 100901s200 ohu|||||r|||| 00| 0 eng d | ||
| 010 | _a 2004103644 | ||
| 020 | _a0030348064 (pkg.) | ||
| 020 | _a032423385X (text only) | ||
| 035 | _a(DLC) 2004103644 | ||
| 082 | 0 | 0 |
_a330.015195 _bHAL _222 |
| 100 |
_aHalcoussis, Dennis. _917759 |
||
| 245 | 1 | 0 |
_aUnderstanding econometrics / _cDennis Halcoussis. |
| 260 |
_aMason, Ohio : _bThomson/South-Western, _c2005. |
||
| 300 |
_axvii, 332 p. : _bill. ; _c25 cm. |
||
| 650 | 0 |
_aEconometrics. _917760 |
|
| 942 |
_cBB _k330/.01/5195H1579 _2ddc |
||
| 999 |
_c326 _d326 |
||